Nazwy gier przetłumaczone na polski - Statystyki

Ogólne statystyki
  • Ten quiz został rozwiązany 429 razy
    412 od ostatniego zresetowania
  • Średni wynik to 5 z 15
Statystyki odpowiedzi
Tłumaczenie Pierwsza litera Tytuł oryginalny % Poprawnych
Kopalnia rzemiosło M Minecraft
79%
Czerwony nie żyje odkupienie 2 R Red Dead Redemption 2
75%
Daleki płacz F Farcry
54%
Wynajęty morderca H Hitman
51%
Metalowy sprzęt M Metal gear
48%
Podwodny S Subnautica
38%
Rdza R Rust
30%
Opad F Fallout
23%
Symulatorzy T The Sims
20%
Obręcz nieba S Skyrim
19%
Osierocić śmierć D Death Stranding
12%
Komórka Drzazgi S Splinter cell
10%
Los D Doom
8%
Ciemniacy D Darksiders
6%
Strażnicy W Watchdogs
5%
Nie znaleziono quizów pasujących do podanych kryteriów
Rozkład punktacji
Procent ludzi z każdym wynikiem
Percentyl według liczby udzielonych odpowiedzi
Twoja historia wyników
Nie rozwiązałeś tego quizu od ostatniego zresetowania